| 000 | 01254 a2200253 4500 | ||
|---|---|---|---|
| 005 | 2008091109369.0 | ||
| 008 | 080911t xxu||||| |||| 00| 0 hin d | ||
| 010 | _aHIN-80614 | ||
| 020 |
_a8188695041 _c80.00 |
||
| 035 | _aHN-52960 | ||
| 037 | _bD.B.Act / pub | ||
| 082 | _aउ | ||
| 100 | _aचट्टोपाध्याय, शरतचन्द्र | ||
| 245 |
_aबड़ी दीदी _cशरतचन्द्र चट्टोपाध्याय |
||
| 246 |
_aBari Didi _bby Saratchandra Chattopadhyay |
||
| 260 |
_aदिल्ली _bशिवालिक बुक्स _c2007 |
||
| 270 |
_a10/119,भीष्म मार्ग, पटेल गली, विश्वास नगर,शाहदरा _bदिल्ली _e110032 |
||
| 300 |
_a88पृ _c22सेमी (सजिल्द) |
||
| 500 | _aभारती प्रकाशन से 2003 मे आई है | ||
| 650 | _aहिन्दी उपन्यास | ||
| 650 | _aHindi Novel | ||
| 942 |
_adpl _cHN _kउ / चट्टोपा _2ddc _hउ _mचट्टोपा |
||
| 999 |
_c6459 _d6459 |
||